01209 2200397 4500001002100000005001500021035002000036007000300056008004100059020002200100040001700122082001400139084001600153090001800169245021100187250005100398260003800449300003700487650001600524650001800540700001100558700001100569700001500580700002100595700001100616700001800627700002000645850001200665041000800677490003300685100002100718990001800739990001800757990001800775990001800793INLIS00000000081787420181116101106 a0010-1118000220ta181115s2017 jbia b 6 ind d a978-602-367-299-8 aYOPDYOGbind04223a028.5 a028.5 RAE h aK 028.5 RAE h1 aHoror O meter /cRae Sita Patappa, Assyifa S. Arum; gambar, ; gambar, Satrio, Geugeu, Rendra;ilustrasi isi, Faisal A. S. penyunting ilustrasi, Rony Amdani; penyunting naskah, Shita Handini, Wiwit Wijiastuti aCetakan I, Jumada Al-Ula 1438 H/ Februari 20173 aBandung :bMuffin Graphics,c2017 a89 halaman :bilustrasi ;c21 cm 4aBacaan Anak 0aKomik, Bacaan0 aGeugeu0 aSatrio0 aRony Amdan0 aWiwit Wijiastuti0 aRendra0 aShita Handini0 aAssyifa S. Arum aYOPDYOG0 aind aSeri komik Ghost School Days0 aRae Sita Patappa a35638-PD/B.18 a35639-PD/B.18 a35639-PD/B.18 a35638-PD/B.18